<?xml version="1.0" encoding="UTF-8"?>
<record
    xmlns:xsi="http://www.w3.org/2001/XMLSchema-instance"
    xsi:schemaLocation="http://www.loc.gov/MARC21/slim http://www.loc.gov/standards/marcxml/schema/MARC21slim.xsd"
    xmlns="http://www.loc.gov/MARC21/slim">

  <leader>01317cam a2200325Ma 4500</leader>
  <controlfield tag="001">7056</controlfield>
  <controlfield tag="003">OCoLC</controlfield>
  <controlfield tag="005">20211208234347.0</controlfield>
  <controlfield tag="008">050427s1924    enka    sb    001 0 eng d</controlfield>
  <datafield tag="035" ind1=" " ind2=" ">
    <subfield code="a">(OCoLC)60737023</subfield>
  </datafield>
  <datafield tag="040" ind1=" " ind2=" ">
    <subfield code="a">GMOML</subfield>
    <subfield code="c">GMOML</subfield>
    <subfield code="b">eng</subfield>
  </datafield>
  <datafield tag="041" ind1="1" ind2=" ">
    <subfield code="a">eng</subfield>
    <subfield code="h">ger</subfield>
  </datafield>
  <datafield tag="082" ind1=" " ind2=" ">
    <subfield code="a">351.74</subfield>
    <subfield code="b">GRC 1962</subfield>
  </datafield>
  <datafield tag="100" ind1="1" ind2=" ">
    <subfield code="a">Gross, Hans,</subfield>
    <subfield code="d">1847-1915.</subfield>
    <subfield code="9">22104</subfield>
  </datafield>
  <datafield tag="245" ind1="1" ind2="0">
    <subfield code="a">Criminal investigation</subfield>
    <subfield code="b">a practical textbook for magistrates, police officers and lawyers /</subfield>
    <subfield code="c">adapted from the System der Kriminalistik of Hans Gross, by J. Collyer Adam.</subfield>
  </datafield>
  <datafield tag="260" ind1=" " ind2=" ">
    <subfield code="a">London :</subfield>
    <subfield code="b">Sweet &amp; Maxwell,</subfield>
    <subfield code="c">1924.</subfield>
  </datafield>
  <datafield tag="300" ind1=" " ind2=" ">
    <subfield code="a">xvii, 606 p. :</subfield>
    <subfield code="b">ill. ;</subfield>
    <subfield code="c">27 cm.</subfield>
  </datafield>
  <datafield tag="500" ind1=" " ind2=" ">
    <subfield code="a">Includes index.</subfield>
  </datafield>
  <datafield tag="500" ind1=" " ind2=" ">
    <subfield code="a">Reproduction of original from Yale Law School Library.</subfield>
  </datafield>
  <datafield tag="504" ind1=" " ind2=" ">
    <subfield code="a">Includes bibliographical references.</subfield>
  </datafield>
  <datafield tag="506" ind1=" " ind2=" ">
    <subfield code="a">Online access limited to the Boston University community.</subfield>
  </datafield>
  <datafield tag="650" ind1="0" ind2="4">
    <subfield code="a">Criminal investigation.</subfield>
    <subfield code="9">14354</subfield>
  </datafield>
  <datafield tag="650" ind1="0" ind2="4">
    <subfield code="a">Evidence, Expert.</subfield>
    <subfield code="9">18618</subfield>
  </datafield>
  <datafield tag="650" ind1="0" ind2="4">
    <subfield code="a">Police.</subfield>
    <subfield code="9">22105</subfield>
  </datafield>
  <datafield tag="690" ind1=" " ind2=" ">
    <subfield code="a">Electronic resources.</subfield>
    <subfield code="9">6</subfield>
  </datafield>
  <datafield tag="700" ind1="1" ind2=" ">
    <subfield code="a">Adam, J. Collyer</subfield>
    <subfield code="q">(John Collyer)</subfield>
    <subfield code="9">22106</subfield>
  </datafield>
  <datafield tag="856" ind1="4" ind2="0">
    <subfield code="u">http://galenet.galegroup.com.ezproxy.bu.edu/servlet/MOML?af=RN&amp;ae=F152177103&amp;srchtp=a&amp;ste=14&amp;q=nellco_bpll</subfield>
    <subfield code="z">Online version</subfield>
  </datafield>
  <datafield tag="942" ind1=" " ind2=" ">
    <subfield code="2">ddc</subfield>
    <subfield code="c">BK</subfield>
  </datafield>
  <datafield tag="999" ind1=" " ind2=" ">
    <subfield code="c">7056</subfield>
    <subfield code="d">7056</subfield>
  </datafield>
  <datafield tag="952" ind1=" " ind2=" ">
    <subfield code="0">0</subfield>
    <subfield code="1">0</subfield>
    <subfield code="2">ddc</subfield>
    <subfield code="4">0</subfield>
    <subfield code="7">0</subfield>
    <subfield code="8">NFIC</subfield>
    <subfield code="a">RUCL</subfield>
    <subfield code="b">RUCL</subfield>
    <subfield code="c">stack</subfield>
    <subfield code="d">1968-06-15</subfield>
    <subfield code="e">Zeitlinger</subfield>
    <subfield code="g">55.00</subfield>
    <subfield code="l">0</subfield>
    <subfield code="o">351.74 GRC 1962</subfield>
    <subfield code="r">2014-01-13 00:00:00</subfield>
    <subfield code="t">C-3</subfield>
    <subfield code="w">2014-01-13</subfield>
    <subfield code="y">BK</subfield>
  </datafield>
</record>
